Namen die 10x of vaker gegeven zijn in 2025 - Statistieken

Algemene statistieken
  • Deze quiz is 15 keer genomen
  • De gemiddelde score is 301 van 2191
Antwoordstatistieken
Ranking Naam % Correct
14 Daan
88%
541
88%
802 Jin
75%
367 Koen
75%
8 | 211 Sam
75%
202 Sanne
75%
915 Sen
75%
6 Sophie
75%
151 Tim
75%
110 Amber
63%
165 Anne
63%
266 Bas
63%
68 | 559 Bo
63%
332 Chris
63%
831 Danny
63%
291 Eli
63%
974 Fenn
63%
81 Hanna
63%
46 Hannah
63%
1040 Henk
63%
37 | 237 Isa
63%
509 Issa
63%
48 Jan
63%
974 Jean
63%
147 Joël
63%
501 Joëlle
63%
638 John
63%
17 Julie
63%
802 Kris
63%
299 Len
63%
72 Louis
63%
237 Luc
63%
868 Marc
63%
61 Maria
63%
75 Marie
63%
201 Micha
63%
5 Mila
63%
13 Milan
63%
283 Nienke
63%
3 Nora
63%
831 Piet
63%
150 Pieter
63%
48 Roos
63%
49 Rosa
63%
31 Sofie
63%
125 Tom
63%
59 Willem
63%
175 Ali
50%
21 Anna
50%
176 | 211 Beau
50%
249 Ben
50%
1040 Bent
50%
129 Benthe
50%
115 | 270 Dani
50%
144 Daniel
50%
85 Daniël
50%
441 Dion
50%
626 Do
50%
638 | 845 Elia
50%
26 Elin
50%
129 Eline
50%
988 Ellen
50%
7 Emma
50%
92 Feline
50%
158 Féline
50%
155 Fem
50%
173 Femke
50%
106 Fenne
50%
293 Flo
50%
297 Hanne
50%
907 Helin
50%
54 Jasmijn
50%
278 Jasper
50%
195 Jelle
50%
43 Jens
50%
53 | 150 Jip
50%
278 Joe
50%
94 Joes
50%
92 Jolie
50%
272 Jolien
50%
767 Jonna
50%
4 Julia
50%
656 Kick
50%
676 Kik
50%
64 Lars
50%
293 Lia
50%
32 Lieke
50%
801 Lis
50%
119 Lisa
50%
143 Liz
50%
626 Liza
50%
283 Lois
50%
35 Loïs
50%
120 Lot
50%
283 Lott
50%
22 Lotte
50%
18 Luuk
50%
33 Lynn
50%
988 Maan
50%
223 Mark
50%
40 Max
50%
110 Merel
50%
54 Mick
50%
570 Mik
50%
165 Mirthe
50%
48 Mohammed
50%
179 Muhammed
50%
356 Nick
50%
11 Nina
50%
73 Norah
50%
359 Quin
50%
1040 Quint
50%
707 Rick
50%
255 Rose
50%
13 Sofia
50%
372 Sofía
50%
42 Sophia
50%
91 Stijn
50%
14 Tess
50%
26 Teun
50%
69 Thijs
50%
441 Thom
50%
35 Thomas
50%
69 Tijn
50%
74 Vera
50%
266 Vic
50%
170 Abby
38%
166 Alex
38%
67 Alexander
38%
597 Amal
38%
428 Amé
38%
278 Amin
38%
676 Anton
38%
537 Antoni
38%
211 Aurora
38%
222 Bella
38%
103 Bente
38%
221 Bob
38%
238 Bobbi
38%
247 | 707 Bobbie
38%
359 | 737 Bobby
38%
299 Brent
38%
688 Britt
38%
73 Cas
38%
475 Charles
38%
78 | 121 Charlie
38%
88 Charlotte
38%
458 Christian
38%
184 Demi
38%
313 Don
38%
143 Donna
38%
32 Elias
38%
41 Ella
38%
737 Elle
38%
458 Emil
38%
372 Emilie
38%
24 Emily
38%
330 Emmy
38%
280 Febe
38%
737 Fébe
38%
97 Felix
38%
45 Fenna
38%
907 Fie
38%
55 Fien
38%
116 Fiene
38%
9 Finn
38%
53 Fleur
38%
248 Gabriel
38%
255 Gabriël
38%
201 George
38%
207 Giulia
38%
570 Gus
38%
19 Guus
38%
134 Guusje
38%
202 Helena
38%
159 Hendrik
38%
89 Isabel
38%
59 Isabella
38%
52 Jack
38%
907 Jasmin
38%
399 Jasmine
38%
359 Jesper
38%
441 Johan
38%
260 Jona
38%
144 Jonas
38%
160 Joris
38%
247 Jule
38%
118 | 767 Jules
38%
37 Julian
38%
738 Julien
38%
737 Juliet
38%
714 Juliët
38%
227 Juliette
38%
297 Juliëtte
38%
64 | 616 Juul
38%
656 Kas
38%
231 Kay
38%
137 Kiki
38%
845 Kim
38%
163 Laura
38%
428 Laure
38%
39 Lauren
38%
845 Leanne
38%
79 Lenn
38%
907 Lenna
38%
1040 Lennart
38%
577 Lente
38%
93 Leo
38%
117 Leon
38%
915 Léon
38%
227 Lex
38%
988 Lian
38%
577 Lien
38%
714 Lies
38%
428 Lila
38%
907 Lili
38%
626 Lilia
38%
97 Lilly
38%
81 Linde
38%
44 Lio
38%
142 Lío
38%
27 Liv
38%
626 Lore
38%
80 | 164 Lou
38%
3 | 801 Luca
38%
638 Lucca
38%
238 Lucie
38%
158 Lucy
38%
252 Maas
38%
225 Madelief
38%
868 Marco
38%
367 | 688 Marijn
38%
260 Mart
38%
266 Matthijs
38%
30 Maud
38%
61 Melle
38%
20 Mia
38%
420 Michael
38%
974 Michaël
38%
688 Michelle
38%
374 Mike
38%
47 Milo
38%
76 Nathan
38%
616 Nico
38%
39 | 1040 Noé
38%
597 Noë
38%
131 Noël
38%
283 Noëlla
38%
1 Noor
38%
116 Nore
38%
737 Noré
38%
767 Olive
38%
25 Oliver
38%
2 Olivia
38%
227 Otto
38%
831 Paul
38%
91 Pepijn
38%
498 Peter
38%
626 Phoebe
38%
350 Quinten
38%
163 Rens
38%
236 Riv
38%
537 River
38%
868 Robbie
38%
458 Robert
38%
118 Rosalie
38%
714 Rox
38%
356 Roxy
38%
111 Ruben
38%
19 Saar
38%
183 Sami
38%
340 Sammie
38%
1040 Sammy
38%
60 Samuel
38%
441 Samuël
38%
299 Seb
38%
420 Sebas
38%
83 Sef
38%
4 Sem
38%
104 Senn
38%
150 | 520 Senna
38%
128 Sep
38%
85 Sepp
38%
356 Seppe
38%
193 Stef
38%
587 Stefan
38%
227 Sterre
38%
44 Ted
38%
541 Teddie
38%
330 | 570 Teddy
38%
134 Tessa
38%
179 Thijmen
38%
231 Timo
38%
537 Tommie
38%
239 Tommy
38%
239 Tygo
38%
191 Victor
38%
845 Vie
38%
308 Vik
38%
379 Viktor
38%
379 Wes
38%
1040 Wess
38%
562 Willemijn
38%
94 Wout
38%
112 Xavi
38%
441 Xavier
38%
250 Yasmin
38%
222 Yasmine
38%
16 Zayn
38%
147 Aaron
25%
1040 Aart
25%
320 Abe
25%
40 Abel
25%
345 Ada
25%
12 Adam
25%
315 Ahmed
25%
392 Alba
25%
767 Alexia
25%
283 Alice
25%
988 Alin
25%
188 Alina
25%
801 Aline
25%
907 Alissa
25%
265 Amalia
25%
868 Amar
25%
143 Amelia
25%
322 Amelie
25%
123 Amélie
25%
587 | 907 Amine
25%
63 Amir
25%
656 Ammar
25%
98 Amy
25%
597 Ana
25%
868 Andreas
25%
988 Angel
25%
907 Anika
25%
345 Anouk
25%
1040 Antonie
25%
915 Antonio
25%
440 Aria
25%
265 Ariana
25%
420 Arie
25%
1040 Arjan
25%
831 Arne
25%
164 Aron
25%
868 Art
25%
81 Arthur
25%
385 Aurelia
25%
498 Axel
25%
441 Bart
25%
314 Belle
25%
283 Billie
25%
738 Billy
25%
350 Boas
25%
34 Boaz
25%
20 Bram
25%
769 Brian
25%
171 Casper
25%
238 Celine
25%
297 Céline
25%
707 Daaf
25%
714 Daantje
25%
577 Danique
25%
314 Daphne
25%
420 Davi
25%
54 Dean
25%
907 Deborah
25%
915 Donnie
25%
441 Donny
25%
233 Dua
25%
266 Dylan
25%
246 Ela
25%
52 Elena
25%
440 Eleonora
25%
801 Eleonore
25%
570 Elian
25%
907 Elien
25%
191 Elina
25%
85 Elisa
25%
399 Eliz
25%
356 Eliza
25%
297 Ellie
25%
577 Ellis
25%
160 Elodie
25%
801 Elsa
25%
570 Emiel
25%
1040 Emile
25%
458 Enzo
25%
120 Evie
25%
188 Evy
25%
261 Fatima
25%
178 Fay
25%
988 Felicia
25%
907 Femme
25%
359 Ferre
25%
255 Filip
25%
458 Finnley
25%
87 Floor
25%
142 Flore
25%
24 Floris
25%
587 Frank
25%
974 Frederick
25%
385 Frederik
25%
688 Gabriella
25%
223 Gerrit
25%
33 Hailey
25%
101 Hamza
25%
454 Hana
25%
655 Hayley
25%
440 Ida
25%
463 Ilse
25%
714 Imane
25%
412 Imani
25%
173 Iris
25%
195 Isabelle
25%
399 Ise
25%
767 Iza
25%
184 Jackie
25%
562 Jacky
25%
577 | 769 Jaimy
25%
676 Jaïr
25%
656 Jairo
25%
802 Jame
25%
6 James
25%
265 Janne
25%
313 Jay
25%
498 Jent
25%
216 Jente
25%
541 Jess
25%
38 Jesse
25%
178 Jinte
25%
284 Joa
25%
541 Joan
25%
124 Job
25%
36 Joep
25%
142 Johannes
25%
308 Jolijn
25%
173 Jonathan
25%
676 | 767 Jonne
25%
255 Jort
25%
250 Joy
25%
845 Juliana
25%
626 Juun
25%
395 Kasper
25%
230 Kiara
25%
410 Kobe
25%
737 Kyara
25%
176 Lana
25%
57 Lara
25%
688 Lenne
25%
907 Lenthe
25%
434 Leonard
25%
308 Leonardo
25%
688 Leonie
25%
155 Lev
25%
10 Levi
25%
104 Lewis
25%
250 Lexi
25%
297 Lexie
25%
597 Lianne
25%
392 Liene
25%
688 Lilian
25%
392 Liliana
25%
15 Lily
25%
501 Lima
25%
29 Lina
25%
372 Linn
25%
463 Linne
25%
907 Lisanne
25%
216 Lise
25%
37 Livia
25%
113 Lize
25%
440 Lizz
25%
688 Lizzie
25%
100 Lizzy
25%
831 Lode
25%
845 Loe
25%
392 Loé
25%
238 Loes
25%
96 Lola
25%
845 Lora
25%
988 Loren
25%
356 Lorèn
25%
801 Lorin
25%
279 Lotta
25%
56 Loua
25%
272 Loué
25%
420 Louen
25%
250 | 707 Louèn
25%
125 Louise
25%
270 Lua
25%
264 Luan
25%
7 Lucas
25%
100 Luka
25%
135 Lukas
25%
201 Luke
25%
626 Maaike
25%
233 Macy
25%
72 Mae
25%
18 Maeve
25%
769 Mano
25%
486 Marcel
25%
266 Marcus
25%
314 Mariam
25%
655 Marije
25%
211 Marit
25%
180 | 486 Marley
25%
501 Marlie
25%
182 Marly
25%
688 Marrit
25%
988 Marta
25%
907 Marthe
25%
974 Mas
25%
655 Matilda
25%
15 Mats
25%
266 Matthias
25%
214 Maxim
25%
314 | 1040 Maxime
25%
801 May
25%
714 Megan
25%
845 Melis
25%
440 Melissa
25%
587 Merijn
25%
845 Mieke
25%
138 Mika
25%
656 Milano
25%
79 Millie
25%
356 Milly
25%
100 Mira
25%
656 Mitch
25%
656 Mohamad
25%
87 Mohamed
25%
246 Mohammad
25%
907 Molly
25%
189 Muhammad
25%
1040 Myron
25%
325 Myrthe
25%
868 Nicolaas
25%
475 Nicolas
25%
99 Niek
25%
988 Nikkie
25%
165 Nine
25%
44 | 475 Noa
25%
1 Noah
25%
233 Nour
25%
541 Noura
25%
626 Nynke
25%
102 Omar
25%
90 Oscar
25%
266 Oskar
25%
166 Philip
25%
523 Pia
25%
182 Pien
25%
114 Pim
25%
165 Pip
25%
308 Pippa
25%
115 | 440 Quinn
25%
486 Ralf
25%
332 Ralph
25%
707 Ray
25%
655 Renske
25%
135 Roan
25%
200 | 216 Robin
25%
868 Roel
25%
520 Roman
25%
138 Romee
25%
43 Romée
25%
153 Romy
25%
915 Rowen
25%
738 Roy
25%
89 Ruby
25%
477 Sama
25%
915 Samir
25%
831 Sander
25%
10 Sara
25%
395 Sebastiaan
25%
454 Selin
25%
378 Selina
25%
523 Sena
25%
255 | 737 Senne
25%
907 Serena
25%
119 Sev
25%
133 Simon
25%
153 Soof
25%
202 Stella
25%
676 Storm
25%
537 Tijs
25%
907 Uma
25%
66 Veerle
25%
655 Vienna
25%
988 Viènna
25%
463 Viënna
25%
78 Vince
25%
395 Vincent
25%
738 Wessel
25%
410 Wouter
25%
8 Yara
25%
477 Yasmina
25%
50 Yuna
25%
475 Zain
25%
374 Zane
25%
107 Zayd
25%
769 Zeno
25%
223 Zeyd
25%
587 | 988 Ziggy
25%
412 Zoe
25%
626 Zoé
25%
16 Zoë
25%
255 Zoey
25%
238 Aaliyah
13%
769 Aarav
13%
385 Abbey
13%
802 Abdul
13%
305 Abigail
13%
201 Ace
13%
714 Adelina
13%
616 Adem
13%
656 Adrian
13%
340 Adriana
13%
907 Aicha
13%
714 Aïcha
13%
87 Aiden
13%
801 Aimee
13%
222 Aimée
13%
314 Aisha
13%
845 Aivy
13%
367 Albert
13%
385 Alexandra
13%
801 Alexis
13%
714 Alicia
13%
440 Alisa
13%
477 Aliya
13%
293 Aliyah
13%
330 Alma
13%
150 Alya
13%
501 Alyssa
13%
188 Amina
13%
907 Anaïs
13%
440 Angelina
13%
1040 Anis
13%
907 Anisa
13%
845 Anissa
13%
737 Annemijn
13%
1040 Artem
13%
988 Artemis
13%
1040 Artur
13%
330 Asiya
13%
477 Assiya
13%
907 Astrid
13%
367 Asya
13%
676 August
13%
974 Auke
13%
149 Ava
13%
89 Aya
13%
166 Ayden
13%
802 Aydin
13%
47 Ayla
13%
216 Aylin
13%
315 Ayoub
13%
988 Babet
13%
907 Babette
13%
845 Bailey
13%
656 Bauke
13%
192 Bibi
13%
367 Bilal
13%
509 Bjorn
13%
707 Björn
13%
249 Boet
13%
577 Bonnie
13%
81 Boris
13%
180 | 260 Bowie
13%
769 Brandon
13%
342 Bruno
13%
738 Bryan
13%
845 Carlijn
13%
737 Carmen
13%
345 Cataleya
13%
562 Catharina
13%
477 Celeste
13%
562 Celia
13%
1040 Ché
13%
440 Chiara
13%
265 Chloe
13%
94 Chloé
13%
105 Chloë
13%
587 Christiaan
13%
523 Christina
13%
868 Ciro
13%
330 Claire
13%
177 Cleo
13%
868 Coen
13%
597 Dahlia
13%
570 Dai
13%
501 Daisy
13%
626 Dalia
13%
378 Dana
13%
434 Dave
13%
410 Davey
13%
577 Davina
13%
385 Davy
13%
707 Dax
13%
907 Dee
13%
314 Defne
13%
868 Dennis
13%
988 Destiny
13%
597 Dewi
13%
378 Diana
13%
194 Diede
13%
974 Diederik
13%
340 Dina
13%
291 Dirk
13%
988 Djenna
13%
845 Doortje
13%
537 Douwe
13%
227 | 463 Eden
13%
441 Edin
13%
297 Eef
13%
463 Eefje
13%
330 Eleanor
13%
133 Eliana
13%
638 Eliano
13%
202 Elisabeth
13%
113 Elise
13%
225 Elizabeth
13%
501 Elize
13%
597 Elvira
13%
802 Emanuel
13%
86 Emilia
13%
587 Emin
13%
769 Emmanuel
13%
597 Emmelie
13%
988 Emmely
13%
868 Eric
13%
638 Erik
13%
597 Esila
13%
94 Esmee
13%
399 Esmée
13%
501 Estelle
13%
367 Esther
13%
23 Eva
13%
399 Evelien
13%
25 Evi
13%
83 Ezra
13%
246 Fabian
13%
988 Fabiënne
13%
577 Faith
13%
655 Fallon
13%
428 Farah
13%
638 Faris
13%
801 Faya
13%
138 Faye
13%
767 Fayen
13%
626 Fayèn
13%
56 Fedde
13%
801 Femm
13%
463 Fieke
13%
477 Fiep
13%
259 Filou
13%
509 Finley
13%
356 Flora
13%
907 Frankie
13%
802 Frans
13%
420 Freek
13%
89 Frenkie
13%
707 Frenky
13%
714 Gabriela
13%
907 Georgie
13%
676 Gerard
13%
737 Gia
13%
767 Gianna
13%
831 Gideon
13%
28 Gijs
13%
737 Gina
13%
1040 Giuliano
13%
1040 Glenn
13%
378 Gwen
13%
211 Hafsa
13%
597 Hazal
13%
399 Hazel
13%
738 Hein
13%
802 Henri
13%
337 Henry
13%
501 Hiba
13%
201 Hidaya
13%
845 Hilde
13%
412 Holly
13%
42 Hugo
13%
244 Huub
13%
216 Idris
13%
974 Ilya
13%
201 Ilyas
13%
477 Imke
13%
597 Imme
13%
626 Indi
13%
184 Indy
13%
597 Ines
13%
907 Inez
13%
801 Irene
13%
523 Isabeau
13%
988 Iva
13%
974 Ivaan
13%
252 Ivan
13%
395 Ivo
13%
76 Ivy
13%
477 Ize
13%
66 Jace
13%
434 Jackson
13%
166 Jacob
13%
769 Jad
13%
655 Jada
13%
81 Jade
13%
767 Jaël
13%
738 Jakob
13%
239 | 845 Jamie
13%
440 Jana
13%
207 Jane
13%
250 Janna
13%
523 Jannah
13%
907 Jannetje
13%
266 Jari
13%
214 Jax
13%
129 Jaxx
13%
206 Jayce
13%
109 Jayden
13%
428 Jazz
13%
974 Jelmer
13%
193 Jelte
13%
420 Jenna
13%
428 Jennah
13%
845 Jennifer
13%
655 Jenthe
13%
266 Jeppe
13%
434 Jeremiah
13%
1040 Jeremy
13%
325 Jessie
13%
125 Jet
13%
356 Jette
13%
907 Jildou
13%
207 Jill
13%
179 Jim
13%
395 Jimmy
13%
172 Jinthe
13%
974 Jippe
13%
577 Joanna
13%
915 Jochem
13%
216 Joey
13%
132 Jonah
13%
974 Joop
13%
1040 Joos
13%
655 Joosje
13%
676 Joost
13%
299 Jop
13%
537 Joppe
13%
291 | 845 Jordan
13%
537 Jorn
13%
520 Jorrit
13%
974 Josef
13%
385 Josefien
13%
486 Joseph
13%
138 Josephine
13%
988 Josje
13%
831 Josse
13%
616 Jude
13%
131 Jula
13%
63 Juna
13%
60 June
13%
845 Juniper
13%
688 Juno
13%
395 Justin
13%
523 Kaat
13%
562 Kae
13%
284 Kaj
13%
441 Karel
13%
577 Karlijn
13%
163 Kate
13%
845 Katie
13%
378 Kato
13%
523 Keet
13%
420 Kerem
13%
1040 Kerim
13%
655 Kes
13%
125 Kian
13%
454 Kira
13%
299 Klaas
13%
330 Kyra
13%
299 Lasse
13%
123 Laurens
13%
655 Lauri
13%
293 Laurie
13%
463 Laya
13%
184 Layla
13%
155 Lea
13%
541 Léa
13%
110 Leah
13%
988 Leana
13%
801 Leen
13%
767 Leila
13%
69 Lena
13%
831 Leroy
13%
458 Levy
13%
283 Leya
13%
155 Leyla
13%
2 Liam
13%
477 Liana
13%
410 Lias
13%
297 Lieve
13%
626 Linda
13%
845 Lindy
13%
587 Lino
13%
66 Liva
13%
655 Livv
13%
655 Livy
13%
272 Liya
13%
113 Liyana
13%
134 Loa
13%
707 Loan
13%
67 Loek
13%
198 Loet
13%
616 Loïc
13%
845 Lorena
13%
597 Lori
13%
107 Louay
13%
378 Lova
13%
737 Lovie
13%
523 Luana
13%
420 Lucia
13%
801 Lucía
13%
907 Luciana
13%
441 Luciano
13%
915 Lucien
13%
12 Luna
13%
120 Lune
13%
249 | 688 Lux
13%
420 Lyam
13%
915 Lyo
13%
559 Maarten
13%
541 Mabel
13%
119 Mace
13%
562 Macey
13%
907 Madeleine
13%
676 Magnus
13%
454 Maia
13%
907 Mailey
13%
577 Maisie
13%
261 Maja
13%
196 Malik
13%
737 Malika
13%
767 Manou
13%
222 Manu
13%
160 Manuel
13%
77 Mara
13%
501 Maren
13%
412 Marin
13%
688 Marina
13%
1040 Marten
13%
688 Martha
13%
656 Martin
13%
106 Maryam
13%
102 Mateo
13%
520 Matheo
13%
509 Mathias
13%
802 Mathieu
13%
655 Mathilde
13%
707 Mathis
13%
75 Matteo
13%
769 Mattheo
13%
1040 Mattheüs
13%
656 Mauro
13%
676 Maximilian
13%
51 Maya
13%
272 Mayra
13%
5 | 801 Mees
13%
626 Meike
13%
737 Meis
13%
737 Melisa
13%
395 Mels
13%
537 Menno
13%
308 Merle
13%
915 Merlijn
13%
266 Mert
13%
322 Mette
13%
441 Mex
13%
367 Meyra
13%
974 Miel
13%
412 Mies
13%
767 Mijs
13%
868 Mikail
13%
501 Mikky
13%
261 Milana
13%
297 Milena
13%
133 Miles
13%
9 Milou
13%
261 Mina
13%
570 Mink
13%
988 Minke
13%
767 Mint
13%
440 Minte
13%
428 Minthe
13%
320 Miraç
13%
907 Mirjam
13%
868 Miro
13%
314 Mirre
13%
577 Mirte
13%
597 Miya
13%
31 Moos
13%
28 Morris
13%
463 Myla
13%
802 Mylan
13%
907 Mylena
13%
212 Mylo
13%
655 Myra
13%
102 Naomi
13%
915 Nate
13%
509 | 988 Navy
13%
399 Naya
13%
868 Neal
13%
392 Nela
13%
688 Néla
13%
345 Nena
13%
868 Neo
13%
523 Nicole
13%
106 Niene
13%
714 Nika
13%
372 Nikki
13%
1040 Niko
13%
1040 Nikola
13%
974 Nikolas
13%
265 Nila
13%
738 Nio
13%
283 Nisa
13%
974 Noeh
13%
138 Noëlle
13%
330 Noémi
13%
440 Noï
13%
99 Nola
13%
58 Nolan
13%
221 Noortje
13%
597 Nori
13%
255 Nourayn
13%
291 Nouri
13%
36 Nova
13%
231 Novan
13%
233 Nové
13%
308 Novée
13%
81 | 441 Novi
13%
915 Novin
13%
801 Novy
13%
238 Nowi
13%
509 Nox
13%
915 Ocean
13%
577 Odette
13%
144 Odin
13%
1040 Okke
13%
20 Olivier
13%
707 Ollie
13%
801 Ophelia
13%
22 Otis
13%
477 Oumayra
13%
33 Owen
13%
769 Pablo
13%
501 Penelope
13%
907 Philine
13%
520 Philippe
13%
146 Philou
13%
123 Pleun
13%
988 Polly
13%
65 Puck
13%
523 Puk
13%
626 Rachel
13%
179 Raf
13%
216 Rafael
13%
410 Rafaël
13%
410 Raff
13%
655 Rana
13%
801 Rania
13%
395 Raphael
13%
520 Raphaël
13%
477 Raya
13%
831 Rayaan
13%
62 Rayan
13%
831 Rayen
13%
767 Rebecca
13%
915 Renze
13%
173 Rhodé
13%
475 Riff
13%
216 | 284 Riley
13%
385 Riven
13%
845 Rixt
13%
638 Romeo
13%
597 Ronja
13%
988 Rosalia
13%
58 Rosie
13%
868 Rover
13%
308 | 907 Rowan
13%
559 Rune
13%
907 Ruth
13%
109 Ryan
13%
367 Safa
13%
280 Safae
13%
767 Saffiya
13%
255 Safiya
13%
441 Saif
13%
399 Salomé
13%
577 Sana
13%
410 Santiago
13%
28 Sarah
13%
537 Sebastian
13%
350 Seff
13%
767 Sela
13%
477 Selah
13%
541 Selena
13%
676 Semih
13%
737 Sia
13%
374 Sieb
13%
308 Siebe
13%
23 Siem
13%
845 Sien
13%
330 Sienna
13%
541 Siënna
13%
707 Sietse
13%
183 Sil
13%
230 Silke
13%
537 Sol
13%
166 Stan
13%
342 Sten
13%
907 Sue
13%
845 Summer
13%
127 Suus
13%
845 Suzanne
13%
70 Suze
13%
94 Sven
13%
570 Taha
13%
399 Talia
13%
988 Tamar
13%
340 Tara
13%
587 Teo
13%
868 Teodor
13%
231 Theo
13%
458 Theodore
13%
523 Thirza
13%
577 Tia
13%
509 Tieme
13%
46 Ties
13%
974 Tigo
13%
676 Tije
13%
458 Tijmen
13%
597 Tirza
13%
196 Tobi
13%
27 Tobias
13%
239 Toby
13%
486 Tony
13%
458 Tristan
13%
255 Twan
13%
907 Vaiana
13%
238 Vajèn
13%
359 Valentijn
13%
272 Valentina
13%
801 Valeria
13%
238 Valerie
13%
688 Vanessa
13%
801 Vayen
13%
330 Vayèn
13%
626 Veda
13%
767 Véda
13%
314 Vesper
13%
195 Victoria
13%
161 Vieve
13%
559 Viggo
13%
231 Vigo
13%
454 Vive
13%
463 Vivé
13%
523 Wateen
13%
570 Wiebe
13%
161 Wies
13%
974 Wietse
13%
915 Wiktor
13%
845 Wiktoria
13%
801 Willemina
13%
374 William
13%
597 Willow
13%
974 Wim
13%
537 Wolf
13%
420 Yade
13%
475 Yanis
13%
907 Yarah
13%
915 Yari
13%
587 Yasin
13%
458 Yassin
13%
477 Yenthe
13%
988 Yentl
13%
356 Yinthe
13%
291 Younes
13%
252 Yves
13%
440 Zahra
13%
486 Zaid
13%
192 Zara
13%
280 Zaya
13%
1040 Zayaan
13%
831 Zayan
13%
570 Zayden
13%
801 Zayna
13%
537 Zayne
13%
831 Zef
13%
486 Zev
13%
247 Zeynep
13%
239 Zion
13%
562 Ziva
13%
688 Zofia
13%
541 Zola
13%
597 Zora
13%
737 Zuzanna
13%
714 Aaltje
0%
356 Abdullah
0%
616 Abraham
0%
974 Adil
0%
1040 Adonay
0%
520 Adriaan
0%
458 Aeden
0%
767 Aelin
0%
655 Afra
0%
868 Agastya
0%
385 Ahmad
0%
638 Aidan
0%
801 Aila
0%
523 Alaïa
0%
475 Alan
0%
714 Alana
0%
501 Alara
0%
845 Alaya
0%
520 Alaz
0%
1040 Alec
0%
616 Aleksander
0%
626 Alessia
0%
738 Alessio
0%
845 Aleya
0%
541 Aleyna
0%
587 Alfie
0%
988 Alisha
0%
907 Alix
0%
577 Alora
0%
831 Alp
0%
434 Alparslan
0%
1040 Alper
0%
769 Alperen
0%
676 Altay
0%
688 Amaanah
0%
165 Amanah
0%
305 Amani
0%
207 Amara
0%
131 Amaya
0%
845 Amayah
0%
655 Aminah
0%
109 Amira
0%
831 Amos
0%
988 Anaiah
0%
420 Anas
0%
523 Anastasia
0%
988 Anastazja
0%
385 Anaya
0%
541 Annabel
0%
570 Anouar
0%
1040 Anthonie
0%
537 Anthony
0%
988 Antonia
0%
845 Antonina
0%
420 Aram
0%
915 Aran
0%
177 Aras
0%
420 Archie
0%
320 Arda
0%
498 Aren
0%
638 Arend
0%
868 Ares
0%
845 Arina
0%
802 Aris
0%
974 Arjun
0%
707 Arlo
0%
738 Arman
0%
676 Armin
0%
305 Arya
0%
559 Aryan
0%
308 Asel
0%
477 Asiyah
0%
320 Aslan
0%
988 Assia
0%
655 Assiyah
0%
1040 Ata
0%
988 Athena
0%
638 Atilla
0%
327 Atlas
0%
974 Aurelius
0%
974 Austin
0%
845 Avélie
0%
767 | 1040 Avery
0%
1040 Aws
0%
367 Ayaan
0%
345 Ayah
0%
308 Ayan
0%
392 Ayana
0%
198 Ayaz
0%
845 Ayda
0%
907 Ayesha
0%
714 Ayliz
0%
367 Ayman
0%
769 Aymen
0%
737 Ayra
0%
988 Ayşe
0%
801 Ayza
0%
707 Azad
0%
915 Aziz
0%
345 Azra
0%
475 Badr
0%
509 Baran
0%
738 Bastiaan
0%
988 Beatrice
0%
676 Beer
0%
284 Benja
0%
30 Benjamin
0%
915 Benji
0%
915 Benyamin
0%
974 Berat
0%
264 Berend
0%
171 | 767 Bodhi
0%
198 | 737 Bodi
0%
597 Bodine
0%
802 Bonne
0%
1040 Borre
0%
676 Boudewijn
0%
831 Bowe
0%
915 Bowen
0%
359 Boyd
0%
915 Bradley
0%
395 Brenn
0%
868 Brody
0%
868 Bruce
0%
974 Caio
0%
498 Caleb
0%
802 Camiel
0%
541 Camila
0%
845 Camilla
0%
577 Camille
0%
915 Can
0%
907 Carla
0%
915 Carlo
0%
62 Cato
0%
769 Cayden
0%
907 Cecilia
0%
769 Cees
0%
577 Celina
0%
974 Cem
0%
340 Ceylin
0%
738 Chase
0%
769 Chester
0%
616 Christopher
0%
831 Cihan
0%
1040 Cillian
0%
974 Ciwan
0%
428 Clara
0%
988 Claudia
0%
259 Coco
0%
122 Cody
0%
350 Colin
0%
374 Collin
0%
868 Connor
0%
915 Cooper
0%
272 Cornelia
0%
210 Cornelis
0%
342 Daley
0%
291 Damian
0%
915 Damin
0%
738 Damon
0%
1040 Dane
0%
988 Dané
0%
907 Dania
0%
707 Danilo
0%
206 Dante
0%
1040 Danté
0%
868 Dario
0%
915 Darius
0%
48 David
0%
676 Dawud
0%
974 Dayan
0%
537 Dayn
0%
570 Deen
0%
1040 Delijah
0%
988 Delina
0%
988 Delphine
0%
1040 Denis
0%
520 Deniz
0%
1040 Denzel
0%
915 Derk
0%
441 Devin
0%
974 Devon
0%
831 Devran
0%
112 Dex
0%
769 Dexter
0%
676 Dexx
0%
587 Dez
0%
537 Diaz
0%
587 Diego
0%
974 Diek
0%
737 Dieke
0%
1040 Diem
0%
475 Dies
0%
845 Dila
0%
714 Dilara
0%
801 Dirkje
0%
831 Diyan
0%
868 Diyar
0%
769 Djoah
0%
845 Doğa
0%
802 Dominic
0%
974 Dominik
0%
587 Dorian
0%
233 Doris
0%
974 Dorus
0%
458 Dries
0%
266 Duco
0%
1040 Duke
0%
597 Dunya
0%
147 Duuk
0%
988 Ebba
0%
831 Ebbe
0%
767 Ecrin
0%
988 Eda
0%
974 Eddie
0%
587 Ediz
0%
974 Eduard
0%
1040 Edwin
0%
325 Eflin
0%
688 Efnan
0%
915 Ege
0%
737 Eileen
0%
767 Elara
0%
587 Elay
0%
737 Eldana
0%
845 Elea
0%
915 Eliam
0%
907 Elianne
0%
148 Elif
0%
127 Elijah
0%
282 Elio
0%
907 Eliora
0%
974 Eliyah
0%
845 Eliyana
0%
907 Ellae
0%
570 Elliot
0%
974 Elliott
0%
412 Eloise
0%
463 Eloïse
0%
463 Elora
0%
907 Elyana
0%
802 Elyas
0%
378 Elynn
0%
907 Ember
0%
769 Emiliano
0%
656 Emilio
0%
151 Emir
0%
656 Enes
0%
707 Ensar
0%
616 Eray
0%
707 Eren
0%
907 Erva
0%
688 Eslem
0%
541 Esma
0%
541 Esra
0%
299 Ethan
0%
284 Evan
0%
988 Evana
0%
845 Eveline
0%
541 Evelyn
0%
616 Evert
0%
395 Eymen
0%
206 Faas
0%
915 Fabe
0%
831 Fabio
0%
501 Fae
0%
714 Fardau
0%
988 Fayenna
0%
988 Faylinn
0%
1040 Feike
0%
420 Felien
0%
974 Felipe
0%
410 Fender
0%
915 Ferdi
0%
327 Fijs
0%
801 Filippa
0%
907 Firdaous
0%
915 Flint
0%
587 Flip
0%
577 Floortje
0%
440 Florence
0%
138 Florian
0%
356 Florien
0%
127 Florine
0%
315 Flynn
0%
769 Fons
0%
498 Fos
0%
498 Foss
0%
520 Fosse
0%
769 Franciszek
0%
868 Freddie
0%
170 Freya
0%
501 Frida
0%
802 Friso
0%
738 Frits
0%
342 Fynn
0%
420 Gaia
0%
676 Gavi
0%
868 Geert
0%
845 Geertje
0%
801 Georgia
0%
1040 Georgios
0%
915 Ghaith
0%
915 Gianni
0%
831 Giel
0%
915 Gies
0%
356 Gigi
0%
801 Gijsje
0%
562 Gioia
0%
520 Giovanni
0%
1040 Given
0%
1040 Göktuğ
0%
1040 Goos
0%
562 Grace
0%
845 Hadassa
0%
562 Hajar
0%
802 Harm
0%
831 Harmen
0%
498 Haroun
0%
541 Harper
0%
868 Harry
0%
486 Harun
0%
186 Harvey
0%
738 Hasan
0%
738 Hassan
0%
707 Hayden
0%
454 Hendrika
0%
801 Hendrikje
0%
802 Hendrikus
0%
802 Hessel
0%
73 Hidde
0%
688 Hira
0%
988 Hope
0%
1040 Hussein
0%
1040 Hylke
0%
216 Ian
0%
97 Ibrahim
0%
802 Ids
0%
769 Igor
0%
626 Ikra
0%
988 Ilaf
0%
738 Ilan
0%
337 Ilay
0%
988 Ilayda
0%
559 Ilias
0%
173 Imran
0%
428 Inara
0%
71 Inaya
0%
562 Inayah
0%
327 Isaac
0%
1040 Isaak
0%
1040 Isai
0%
676 Isaï
0%
212 Isaiah
0%
831 Ishaan
0%
587 Ishaaq
0%
676 Ishaq
0%
626 Isla
0%
831 Ismael
0%
395 Ismail
0%
988 Isolde
0%
216 Isra
0%
845 Israa
0%
801 Israe
0%
299 Ivar
0%
345 Izzy
0%
587 Jaap
0%
501 Jacoba
0%
559 Jacobus
0%
501 Jailey
0%
988 Jaïra
0%
616 Jaivey
0%
974 Jaivy
0%
51 Jake
0%
915 Jakub
0%
537 Jamal
0%
988 Janneke
0%
1040 Janoah
0%
367 Jara
0%
138 Jason
0%
350 Javi
0%
868 Jaxon
0%
1040 Jaxson
0%
655 Jayda
0%
523 Jaydi
0%
714 Jayla
0%
767 Jaylee
0%
520 Jaylen
0%
501 Jaylinn
0%
420 Jayson
0%
868 Jayvano
0%
714 Jazzlyn
0%
988 Jazzlynn
0%
501 Jazzy
0%
587 Jefta
0%
676 Jeftha
0%
907 Jenaya
0%
498 Jenoah
0%
868 Jesaja
0%
577 Jhené
0%
395 Jibbe
0%
410 Jidde
0%
1040 Jilles
0%
385 Jimi
0%
868 Jisse
0%
616 Jitse
0%
801 Jiya
0%
868 Joachim
0%
65 Joah
0%
767 Joanne
0%
141 Joas
0%
915 Joaz
0%
1040 Joek
0%
146 Johanna
0%
988 Joia
0%
907 Jolein
0%
655 Jolene
0%
616 Jones
0%
337 Josh
0%
135 Joshua
0%
769 Josiah
0%
308 Josie
0%
769 Jouke
0%
915 Jovi
0%
626 Joya
0%
638 Jozua
0%
227 Juda
0%
802 Judah
0%
509 Julan
0%
769 Julèn
0%
129 Julius
0%
385 Junayd
0%
342 Jur
0%
56 Jurre
0%
767 Juultje
0%
655 Juune
0%
974 Juup
0%
332 Kaan
0%
868 Kacper
0%
39 Kai
0%
392 Kaia
0%
737 Kaja
0%
587 Kane
0%
359 Karam
0%
498 Karan
0%
638 Karim
0%
477 | 707 Kaya
0%
915 Kayan
0%
587 Kayden
0%
541 Kayla
0%
714 Kaylee
0%
907 Kayleigh
0%
1040 Kayra
0%
915 Keano
0%
656 Keanu
0%
151 Kees
0%
845 Kehlani
0%
974 Kenai
0%
475 Kenan
0%
520 Kenji
0%
988 Kensi
0%
454 Kenza
0%
974 Kenzo
0%
738 Kevin
0%
356 Khadija
0%
587 Khaled
0%
974 Khalid
0%
915 Khalil
0%
477 Kiana
0%
1040 Kieran
0%
520 Kiran
0%
738 Kiyan
0%
845 Kiyomi
0%
638 Kjeld
0%
655 Klara
0%
974 Koa
0%
1040 Kobus
0%
299 Koos
0%
737 Kornelia
0%
915 Krijn
0%
738 Kuzey
0%
191 Kyan
0%
537 Kyano
0%
868 Kylian
0%
907 Kylie
0%
801 Laila
0%
831 Laith
0%
458 Lamine
0%
831 Lando
0%
655 Larien
0%
988 Larin
0%
501 Layaan
0%
195 Layan
0%
737 Layane
0%
1040 Layth
0%
802 Leander
0%
974 Leandro
0%
738 Leendert
0%
477 Leia
0%
907 Leilani
0%
395 Lennon
0%
831 Lennox
0%
559 Lenny
0%
1040 Leonidas
0%
597 Leonora
0%
974 Levay
0%
915 Levin
0%
974 Levv
0%
801 Leyana
0%
475 Lieuwe
0%
655 Lilith
0%
345 Lilou
0%
907 Lilya
0%
868 Lior
0%
420 Liora
0%
420 Liselot
0%
597 Liselotte
0%
868 Livay
0%
801 Liyah
0%
337 Liyam
0%
155 Logan
0%
509 Lorenzo
0%
597 Lotus
0%
190 Louie
0%
626 Louisa
0%
562 Loujain
0%
1040 Louk
0%
714 Loulou
0%
230 Lovi
0%
69 Lowen
0%
868 Lowie
0%
332 Luay
0%
974 Lucius
0%
399 Lumi
0%
831 Luqman
0%
907 Luun
0%
322 Luus
0%
988 Lyana
0%
626 Lydia
0%
907 Lyla
0%
988 Lyna
0%
907 Lyra
0%
356 Maartje
0%
767 Maddie
0%
801 Maddy
0%
428 Madée
0%
737 Madison
0%
350 Mads
0%
537 Maël
0%
454 Maelynn
0%
395 Maes
0%
385 Maeson
0%
541 Maevi
0%
477 Maevy
0%
988 Maggie
0%
676 Maher
0%
282 Mahir
0%
974 Mahmoud
0%
1040 Mailo
0%
676 Maison
0%
626 Malak
0%
907 Malou
0%
587 Manoah
0%
104 Mare
0%
988 Marilou
0%
385 Marinus
0%
868 Marius
0%
801 Marlou
0%
915 Marnix
0%
868 Marouan
0%
907 Martina
0%
802 Martinus
0%
399 Marwa
0%
915 Marwan
0%
523 Masa
0%
714 Masal
0%
17 Mason
0%
974 Matei
0%
656 Mathijs
0%
656 Matias
0%
974 Matías
0%
458 Matthew
0%
868 Mattia
0%
769 Mattias
0%
707 Matz
0%
907 Maura
0%
907 Maureen
0%
244 Maurits
0%
1040 Maximus
0%
988 Maxine
0%
345 Mayla
0%
714 Maylin
0%
202 Maysa
0%
737 Maysae
0%
177 Mayson
0%
463 Medina
0%
559 Mehdi
0%
537 Mehmet
0%
988 Meira
0%
907 Melania
0%
1040 Melih
0%
399 Melina
0%
385 Melody
0%
1040 Merih
0%
227 Meryem
0%
707 Mete
0%
656 Metehan
0%
385 Meva
0%
907 Mevi
0%
520 Mexx
0%
688 Meysa
0%
868 Mias
0%
420 Micah
0%
907 Michalina
0%
974 Michiel
0%
367 Midas
0%
520 Miguel
0%
420 Mihra
0%
769 Mikael
0%
325 Mikki
0%
831 Milad
0%
332 Milas
0%
283 Miley
0%
988 Miral
0%
155 Miran
0%
626 Miray
0%
915 Miron
0%
616 Mirza
0%
868 Mischa
0%
656 Misha
0%
562 Misk
0%
359 Moesa
0%
738 Moïs
0%
988 Moon
0%
1040 Moritz
0%
988 Mosa
0%
1040 Moses
0%
802 Mosi
0%
688 Mosie
0%
802 Mousa
0%
154 Moussa
0%
831 Mozes
0%
587 Muaz
0%
1040 Muck
0%
77 Musa
0%
915 Musab
0%
291 Mustafa
0%
707 Myles
0%
845 Nada
0%
428 Nadia
0%
562 Nadine
0%
974 Nadir
0%
441 Nael
0%
559 Naël
0%
907 Naila
0%
486 Naïm
0%
626 Nala
0%
907 Nalani
0%
325 Naleya
0%
988 Nami
0%
676 Nanne
0%
379 Naoufal
0%
738 Naoufel
0%
988 Narin
0%
974 Nasser
0%
707 Nassim
0%
486 Natan
0%
915 Nathanaël
0%
707 Nathaniel
0%
320 Naud
0%
915 Nayel
0%
412 Nayeli
0%
907 Nayéli
0%
195 Nayla
0%
372 Neeltje
0%
655 Nefeli
0%
907 Nehir
0%
974 Neil
0%
562 Neva
0%
399 Neyla
0%
655 Nia
0%
320 Niels
0%
379 Nikodem
0%
587 Nilo
0%
707 Nils
0%
845 Nim
0%
342 Nino
0%
477 Ninthe
0%
655 Nisrine
0%
199 Niya
0%
477 Niyah
0%
458 Noam
0%
278 Noan
0%
845 Noémie
0%
501 Nomé
0%
501 Nomée
0%
345 Nomi
0%
454 Noorayn
0%
626 Noralie
0%
845 Noraly
0%
11 Noud
0%
420 Nouh
0%
845 Nouk
0%
676 Noussair
0%
831 Nout
0%
845 Nowie
0%
988 Noya
0%
769 Noyan
0%
974 Nuh
0%
737 Nusaybah
0%
655 Nyla
0%
260 Olaf
0%
974 Olan
0%
974 Olav
0%
284 Ole
0%
541 Oliwia
0%
537 Oliwier
0%
570 Olle
0%
320 Ömer
0%
106 Oos
0%
769 Osman
0%
1040 Othman
0%
1040 Ouassim
0%
915 Oussaid
0%
915 Oussayd
0%
315 Pelle
0%
974 Perre
0%
477 Philippa
0%
477 Pola
0%
638 Poyraz
0%
1040 Prince
0%
831 Rafi
0%
988 Rahaf
0%
802 Rami
0%
707 Ramses
0%
1040 Raven
0%
160 Ravi
0%
737 Razan
0%
498 Reda
0%
223 Rein
0%
738 Reinier
0%
441 Remi
0%
486 Remy
0%
284 Revi
0%
337 Reza
0%
907 Rhea
0%
915 Rida
0%
769 Ries
0%
379 Rijk
0%
486 Rio
0%
988 Rita
0%
1040 Riyad
0%
802 Rocco
0%
868 Roelof
0%
509 Rohan
0%
988 Romaissa
0%
626 Romaysa
0%
1040 Rory
0%
988 Roya
0%
915 Royce
0%
714 Roza
0%
845 Rozemarijn
0%
988 Rufta
0%
655 | 1040 Rumi
0%
477 Rüya
0%
1040 Saalih
0%
801 Sabrina
0%
1040 Sacha
0%
907 Sadé
0%
845 Safiyah
0%
385 Safouan
0%
587 Safouane
0%
638 Saifeddine
0%
570 Saint
0%
801 Sakina
0%
974 Saleh
0%
638 Salih
0%
738 Salim
0%
655 Salma
0%
434 Sanad
0%
283 Sare
0%
907 Sari
0%
441 Savi
0%
587 Sayf
0%
769 Sayfeddine
0%
988 Scarlett
0%
80 Scott
0%
272 Scottie
0%
537 Selim
0%
597 Selma
0%
523 Sera
0%
463 Serra
0%
186 Seth
0%
974 Shaheen
0%
626 Sham
0%
655 Shams
0%
616 Shane
0%
988 Siara
0%
597 Sidra
0%
458 Siep
0%
463 Sifra
0%
597 Sila
0%
410 Silas
0%
656 Silvan
0%
907 Silya
0%
907 Simay
0%
738 Simeon
0%
845 Sinne
0%
868 Sion
0%
767 Siya
0%
831 Sjef
0%
831 Sjoerd
0%
616 Sjors
0%
501 Skye
0%
767 Sofiya
0%
988 Solé
0%
801 Solène
0%
676 Sonny
0%
845 Sora
0%
907 Soraya
0%
1040 Soren
0%
831 Soufian
0%
915 Soufiane
0%
676 Soulayman
0%
845 Soumaya
0%
458 Soy
0%
688 Stevie
0%
801 Suki
0%
676 Sulayman
0%
1040 Suleyman
0%
616 Sultan
0%
315 Sverre
0%
656 Syb
0%
915 Sybe
0%
974 Szymon
0%
738 Taim
0%
345 Tala
0%
769 Talha
0%
802 Tamim
0%
915 Tarik
0%
845 Tasneem
0%
428 Tasnim
0%
395 Teije
0%
907 Tesniem
0%
988 Tesnim
0%
570 Teunis
0%
767 Thea
0%
434 Thiago
0%
559 Thije
0%
342 Thijn
0%
738 Tiago
0%
327 Tibbe
0%
868 Timothy
0%
769 Timur
0%
831 Tjeu
0%
638 Tobin
0%
186 Toon
0%
801 Tove
0%
974 Tren
0%
988 Tuana
0%
327 Tuur
0%
616 Tycho
0%
266 Tyler
0%
676 Tymon
0%
868 Tyson
0%
1040 Ubbe
0%
372 Umay
0%
676 Umut
0%
707 Uraz
0%
974 Usayd
0%
767 Vayenne
0%
688 Vere
0%
845 Vida
0%
537 Vinz
0%
767 Vita
0%
587 Vito
0%
845 Vivian
0%
412 Vivienne
0%
616 Ward
0%
707 Wassim
0%
801 Welmoed
0%
737 Wende
0%
845 Wieke
0%
523 Wilhelmina
0%
1040 Wisse
0%
616 Xem
0%
988 Yael
0%
626 Yaël
0%
1040 Yağız
0%
183 Yahya
0%
385 Yaman
0%
767 Yana
0%
915 Yannick
0%
907 Yaren
0%
738 Yassine
0%
379 Yassir
0%
1040 Yavuz
0%
616 Yazan
0%
541 Yfke
0%
597 Yibbi
0%
974 Yigit
0%
707 Yiğit
0%
767 Ylva
0%
974 Yme
0%
1040 Ynte
0%
707 Youp
0%
707 Yousef
0%
845 Yousra
0%
974 Yousri
0%
210 Youssef
0%
342 | 767 Yuki
0%
801 Yune
0%
520 Yunus
0%
688 Yusra
0%
155 Yusuf
0%
570 Yven
0%
915 Zack
0%
477 Zainab
0%
1040 Zaïr
0%
907 Zaira
0%
206 Zakaria
0%
291 Zakariya
0%
638 Zavi
0%
688 Zaynab
0%
738 Zeger
0%
597 Zehra
0%
801 Zelda
0%
988 Zendaya
0%
907 Zeyneb
0%
769 Zian
0%
802 Zinedine
0%
616 Ziyad
0%
655 Zoya
0%
845 Zümra
0%
738 Zyon
0%
Geen overeenkomende quizzen gevonden
Scoreverdeling
Procent van Mensen met Elke Score
Percentiel versus Aantal Correcte Antwoorden
Uw Scoregeschiedenis
U heeft deze quiz nog niet genomen